Statistics for All teams to ever play at the Rugby World Cup Sevens

Click here to take the quiz!

General Stats

  • This quiz has been taken 56 times
  • The average score is 31 of 39

Answer Stats

HintAnswer% Correct
North AmericaCanada
100%
AfricaSouth Africa
100%
North AmericaUnited States
100%
EuropeEngland
97%
OceaniaFiji
97%
OceaniaNew Zealand
97%
OceaniaSamoa
97%
OceaniaTonga
97%
South AmericaArgentina
95%
OceaniaAustralia
95%
EuropeIreland
95%
EuropeRussia
95%
EuropeFrance
92%
EuropeItaly
92%
AsiaJapan
92%
EuropeScotland
92%
EuropeWales
92%
South AmericaChile
90%
AfricaKenya
90%
EuropeSpain
90%
South AmericaUruguay
87%
AfricaNamibia
82%
OceaniaPapua New Guinea
82%
EuropePortugal
82%
AsiaSouth Korea
77%
AfricaZimbabwe
77%
EuropeRomania
74%
EuropeGeorgia
72%
North AmericaJamaica
69%
EuropeNetherlands
69%
AfricaUganda
64%
AsiaTaiwan
56%
OceaniaCook Islands
54%
AsiaHong Kong
54%
AfricaMorocco
51%
AsiaPhilippines
44%
AfricaTunisia
38%
EuropeLatvia
23%
AsiaArabian Gulf
15%

Score Distribution

Percentile by Number Answered

Percent of People with Each Score

Your Score History

You have not taken this quiz